000 01071nam a22003497a 4500
001 0038336
003 KOHA_MİRAKIL
005 20260207003057.0
007 ta
008 120903b2005 tu |||gr||||#||||0|tur |
020 _a9758936182
040 _aTR-BiSEU
_btur
_cTR-BiSEU
_erda
041 0 _atur
044 _ctu
050 _aHF5415
_b.K37 2005
100 1 _aKarakurt, Alper.
245 1 _aEkonomik ve hukuki açıdan piyasa kapama etkisi/
_cAlper Karakurt ; Alper Karakurt.
250 _a1. bsk.
264 1 _aAnkara :
_bRekabet Kurumu
_c2005
300 _aiv, 82 sayfa ;
_c23 cm.
336 _ametin
_btxt
_2rdacontent
337 _aaracısız
_bn
_2rdamedia
338 _acilt
_bnc
_2rdacarrier
490 1 _aRekabet Kurumu ;
_vyayın no 0175.
490 1 _aUzmanlık tezleri servisi ;
_vno: 67
500 _aKaynakça var.
650 0 _aMarket segmentation.
_924344
650 0 _aPiyasa bölünmesi.
_971645
830 1 _aRekabet Kurumu ;
_vyayın no 0175.
_96192
830 1 _aUzmanlık tezleri servisi ;
_vno: 67
_971646
942 _2lcc
_cBK
999 _c38175
_d38175